<Der> türkische Beitritt zur Europäischen Gemeinschaft Auswirkungen auf die Entwicklung der Türkei am Beispiel der Chemieindustrie und die aussenpolitischen und wirtschaftlichen Alternativen
Salvato in:
| Autore principale: | |
|---|---|
| Natura: | Libro |
| Lingua: | tedesco |
| Pubblicazione: |
Frankfurt am Main
Lang
1989
|
| Edizione: | 1. Aufl. |
| Soggetti: | |
| Tags: |
Nessun Tag, puoi essere il primo ad aggiungerne!!
|
MARC
| LEADER | 00000nam a2200000 4500 | ||
|---|---|---|---|
| 001 | c000613 | ||
| 005 | 20221215125449.7 | ||
| 020 | |a 3-631-41938-4 | ||
| 041 | 0 | |a ger | |
| 044 | |a DE | ||
| 245 | 1 | 0 | |a <Der> türkische Beitritt zur Europäischen Gemeinschaft |b Auswirkungen auf die Entwicklung der Türkei am Beispiel der Chemieindustrie und die aussenpolitischen und wirtschaftlichen Alternativen |c Kemal Ertekin |
| 250 | |a 1. Aufl. | ||
| 264 | 1 | |a Frankfurt am Main |b Lang |c 1989 | |
| 300 | |a 330 s. | ||
| 610 | 2 | 0 | |a Turecko |
| 610 | 2 | 0 | |a Európske spoločenstvá |
| 610 | 2 | 0 | |a integrácia ekonomická medzinárodná |
| 610 | 2 | 0 | |a politika zahraničná |
| 610 | 2 | 0 | |a priemysel chemický |
| 610 | 2 | 0 | |a konkurencia |
| 100 | 1 | |a Ertekin, Kemal | |